| Поле | Инд. | ПП | Название | Значение |
|---|---|---|---|---|
| Тип записи | a | |||
| Библиографический уровень | m | |||
| 001 | Контрольный номер | RU/IS/BASE/323265404 | ||
| 005 | Дата корректировки | 20141114155354.4 | ||
| 040 | a | Служба первич. каталог. | НБ ТвГУ | |
| b | Код языка каталог. | rus | ||
| e | Правила каталог. | PSBO | ||
| 041 | 0_ | a | Код языка текста | rus |
| 080 | a | Индекс УДК | 1(430)(091)(043.3) | |
| 080 | a | Индекс УДК | 340.12(043.3) | |
| 084 | a | Индекс другой классификации/Индекс ББК | Ю3(4Гем)5-563я031 | |
| 084 | a | Индекс другой классификации/Индекс ББК | Ф1(4Гем)5-18я031 | |
| 090 | a | Полочн. индекс | Ю3(4Гем) | |
| x | Авторский знак | В 75 | ||
| 100 | 1_ | a | Автор | Воробьев Алексей Викторович |
| q | Полное имя | Воробьев А. В. | ||
| 245 | 10 | a | Заглавие | Наследие И. Канта и Г. В. Ф. Гегеля и дискуссия по проблеме правового государства в западной философии второй половины 20-го - начала 21-го века |
| b | Продолж. заглавия | автореф. дис. ... канд. филос. наук : 09.00.03 | ||
| c | Ответственность | Воен. акад. воздушно-космич. обороны им. Маршала Сос. Союза Г. К. Жукова, Каф. гуманит. и соц.-экон. дисциплин, Твер. гос. ун-т, Каф. теории и истории культуры | ||
| 260 | a | Место издания | Тверь | |
| c | Дата издания | 2009 | ||
| 300 | a | Объем | 18 с. | |
| 500 | a | Примечание | На правах рукоп. | |
| 504 | a | Библиография | Библиогр. в конце кн. | |
| 653 | a | Ключевые слова | Авторефераты | |
| a | Ключевые слова | Гегель | ||
| a | Ключевые слова | Кант | ||
| a | Ключевые слова | Немецкая философия | ||
| a | Ключевые слова | Правовое государство | ||
| a | Ключевые слова | Теория государства | ||
| a | Ключевые слова | Философия права | ||
| a | Ключевые слова | Авторефераты | ||
| 920 | a | Оператор | Густ | |
| 930 | a | Новая/Ретро | авторефераты | |
| 952 | c | Вид литературы | А/Р н | |
| 954 | a | Дата поступления на обработку | 20100429 |